[Event "Rated Blitz game"]
[Site "?"]
[Date "2021.11.02"]
[Round "?"]
[White "hadesin"]
[Black "Schachelite"]
[Result "1-0"]
[WhiteElo "2494"]
[BlackElo "2481"]
[PlyCount "87"]
[EventDate "2021.??.??"]
[EventType "blitz"]

1. e4 e5 2. Nf3 d5 3. exd5 e4 4. Qe2 Nf6 5. d3 Qxd5 6. Nbd2 Nc6 7. dxe4 Qe6 8.
Qc4 Qe7 9. Qa4 Bd7 10. c3 O-O-O 11. Bb5 Kb8 12. O-O a6 13. Be2 Ne5 14. Qd1
Nxf3+ 15. Bxf3 Bc6 16. Re1 g5 17. Qe2 h5 18. e5 Bxf3 19. Nxf3 Nh7 20. Nd4 g4
21. Bf4 Rg8 22. e6 Ng5 23. Kh1 Nxe6 24. Nxe6 fxe6 25. Qxe6 Qxe6 26. Rxe6 Bc5
27. Kg1 Rge8 28. Rxe8 Rxe8 29. Kf1 h4 30. g3 h3 31. Rd1 Kc8 32. Rd5 Be7 33. Re5
Kd7 34. Ke2 Bc5 35. Rxe8 Kxe8 36. Be3 Bd6 37. Kd3 Kf7 38. Ke4 Ke6 39. f3 gxf3
40. Kxf3 Kf5 41. Bf4 Bc5 42. Bxc7 Bg1 43. g4+ Kg5 44. Kg3 {Normal} 1-0

[Event "Rated Blitz game"]
[Site "?"]
[Date "2021.11.02"]
[Round "?"]
[White "TechnicalTrader"]
[Black "DOOGE228"]
[Result "0-1"]
[WhiteElo "2513"]
[BlackElo "2467"]
[PlyCount "32"]
[EventDate "2021.??.??"]
[EventType "blitz"]

1. e4 e5 2. Nf3 d5 3. exd5 e4 4. Qe2 Nf6 5. Nc3 Be7 6. Nxe4 O-O 7. d3 Re8 8.
Be3 Nxd5 9. O-O-O f5 10. Ne5 Nd7 11. Bd4 Nxe5 12. Bxe5 fxe4 13. dxe4 Bg5+ 14.
f4 Nxf4 15. Qc4+ Be6 16. Rxd8 Raxd8 {Normal} 0-1

[Event "Rated Blitz game"]
[Site "?"]
[Date "2021.11.02"]
[Round "?"]
[White "arpitachess"]
[Black "Benny_Watts_2005"]
[Result "0-1"]
[WhiteElo "2504"]
[BlackElo "2383"]
[PlyCount "120"]
[EventDate "2021.??.??"]
[EventType "blitz"]

1. e4 e5 2. Nf3 d5 3. Nxe5 Bd6 4. d4 dxe4 5. Nc4 Nc6 6. Ne3 Nf6 7. Bb5 Bd7 8.
O-O O-O 9. c4 a6 10. Bxc6 Bxc6 11. d5 Bd7 12. Nc3 h6 13. a3 b5 14. h3 bxc4 15.
Nxc4 Bb5 16. Nxb5 axb5 17. Nxd6 Qxd6 18. Be3 Nxd5 19. Bd4 Nf4 20. Kh1 Qg6 21.
Rg1 Rad8 22. Qd2 Nd3 23. Qe3 Qf5 24. Rgf1 c5 25. Bc3 b4 26. axb4 cxb4 27. Bd4
Qd5 28. Bb6 Rc8 29. Rad1 Rfe8 30. Qg3 Qc4 31. Be3 Nxb2 32. Bxh6 g6 33. Rc1 Qd3
34. Qf4 Qd4 35. Rxc8 Rxc8 36. Bg5 Nd3 37. Qh4 Qh8 38. Qg4 f5 39. Qg3 Kf7 40.
Qd6 Qe8 41. Qf6+ Kg8 42. Be3 Qf7 43. Qh4 b3 44. Bd4 Qh7 45. Qf6 Rf8 46. Qe6+
Qf7 47. Qb6 Nf4 48. Rb1 Ne6 49. Be5 Rc8 50. Rxb3 f4 51. Bb2 Nc5 52. Rb5 Nd3 53.
Bd4 f3 54. g3 Rc1+ 55. Kh2 Rc8 56. Qd6 Re8 57. Rb6 Ne5 58. Bxe5 Qf5 59. Qxg6+
Qxg6 60. Rxg6+ Kf7 {Time forfeit} 0-1

[Event "Rated Blitz game"]
[Site "?"]
[Date "2021.11.02"]
[Round "?"]
[White "ericLH"]
[Black "Annali-annaliew1979"]
[Result "0-1"]
[WhiteElo "2447"]
[BlackElo "2469"]
[PlyCount "82"]
[EventDate "2021.??.??"]
[EventType "blitz"]

1. e4 e5 2. Nf3 d5 3. Nxe5 Qe7 4. d4 f6 5. Nf3 dxe4 6. Nfd2 f5 7. c4 Nf6 8. Nc3
Nc6 9. Nb3 Qf7 10. Be2 Bd6 11. Nb5 O-O 12. Nxd6 cxd6 13. Bf4 Qe7 14. O-O a5 15.
d5 Ne5 16. Nd4 a4 17. h3 Bd7 18. b3 h6 19. Qd2 g5 20. Bxe5 Qxe5 21. Nc2 f4 22.
Qd4 Qe7 23. b4 Rae8 24. f3 Bf5 25. Rfe1 e3 26. Na3 Qd7 27. Nb5 Bxh3 28. gxh3
Qxh3 29. Bf1 Qg3+ 30. Bg2 g4 31. Qd1 e2 32. Qd3 Ne4 33. Rxe2 Ng5 34. Qg6+ Kh8
35. Qxh6+ Nh7 36. Rxe8 Rxe8 37. Qh2 Re1+ 38. Rxe1 Qxe1+ 39. Bf1 g3 40. Qh4 Qf2+
41. Kh1 Qxf1# {Normal} 0-1

[Event "Rated Blitz game"]
[Site "?"]
[Date "2021.11.02"]
[Round "?"]
[White "Handy-Andy"]
[Black "tactinhos2900"]
[Result "1/2-1/2"]
[WhiteElo "2549"]
[BlackElo "2578"]
[PlyCount "125"]
[EventDate "2021.??.??"]
[EventType "blitz"]

1. e4 e5 2. Nf3 d5 3. exd5 e4 4. Nd4 Qxd5 5. Nb3 Nf6 6. Nc3 Qe5 7. Bc4 Bd6 8.
h3 O-O 9. Nb5 Be7 10. O-O a6 11. Nc3 Bd6 12. f4 exf3 13. Qxf3 Nc6 14. d3 Nb4
15. d4 Qh2+ 16. Kf2 Nxc2 17. Rb1 Re8 18. Bg5 b5 19. Bd5 Nxd4 20. Nxd4 Bc5 21.
Bxf6 gxf6 22. Qxf6 Be6 23. Bxa8 Qd6 24. Rbd1 Rd8 25. Nce2 Rxa8 26. Kg1 Bc4 27.
Rf5 Qxf6 28. Rxf6 Bxe2 29. Rd2 Rd8 30. Rf4 Bc4 31. Kh2 Bd6 32. g3 Bxf4 33. gxf4
c5 34. Nf3 Rxd2+ 35. Nxd2 Bxa2 36. Kg3 b4 37. b3 a5 38. Kf3 a4 39. bxa4 c4 40.
Ne4 c3 41. Ke3 Bb1 42. Nc5 Bf5 43. a5 Bc8 44. a6 Bxa6 45. Nxa6 b3 46. Kd3 b2
47. Kc2 Kg7 48. Nc5 Kf6 49. Ne4+ Kf5 50. Nxc3 Kxf4 51. Ne2+ Ke3 52. Ng1 Kf2 53.
h4 Kxg1 54. Kxb2 Kg2 55. h5 Kg3 56. h6 Kg4 57. Kc3 Kg5 58. Kd4 Kxh6 59. Ke4 Kg5
60. Kf3 f5 61. Kg3 h5 62. Kf3 f4 63. Kg2 {Time forfeit} 1/2-1/2

[Event "Rated Blitz game"]
[Site "?"]
[Date "2021.11.02"]
[Round "?"]
[White "Handy-Andy"]
[Black "tactinhos2900"]
[Result "0-1"]
[WhiteElo "2572"]
[BlackElo "2555"]
[PlyCount "68"]
[EventDate "2021.??.??"]
[EventType "blitz"]

1. e4 e5 2. Nf3 d5 3. Nc3 dxe4 4. Nxe5 Qd4 5. Ng4 Nc6 6. Bb5 f5 7. Ne3 f4 8.
Ned5 Bd6 9. O-O a6 10. Ba4 b5 11. Bb3 Bf5 12. Re1 O-O-O 13. d3 exd3 14. cxd3 g5
15. Ne4 h6 16. Qc2 Nb4 17. Nxb4 Bxb4 18. Rd1 Nf6 19. a3 Ba5 20. Nxf6 Qxf6 21.
Bd2 Bxd3 22. Qc1 Bxd2 23. Rxd2 Be4 24. Re2 Rhe8 25. Qc5 f3 26. Re3 fxg2 27.
Rae1 Bc6 28. Be6+ Kb7 29. a4 Rxe6 30. Rxe6 Qxe6 31. Rc1 Qd5 32. Qxd5 Rxd5 33.
axb5 axb5 34. h4 gxh4 {Normal} 0-1

[Event "Rated Blitz game"]
[Site "?"]
[Date "2021.11.02"]
[Round "?"]
[White "IlyaZarezenko"]
[Black "Annali-annaliew1979"]
[Result "0-1"]
[WhiteElo "2403"]
[BlackElo "2395"]
[PlyCount "58"]
[EventDate "2021.??.??"]
[EventType "blitz"]

1. e4 e5 2. Nf3 d5 3. d4 dxe4 4. Nxe5 Bd6 5. Nc3 Bxe5 6. dxe5 Qxd1+ 7. Nxd1 Nc6
8. Bf4 Nge7 9. Bb5 O-O 10. Nc3 Nd4 11. Ba4 b5 12. Nxb5 Bd7 13. Nxd4 Bxa4 14. b3
c5 15. Ne2 Bc6 16. O-O-O Ng6 17. Rd6 Bb5 18. c4 Be8 19. Bg3 a5 20. a4 Rb8 21.
Kc2 f5 22. exf6 gxf6 23. Nc3 f5 24. Rxg6+ Bxg6 25. Bxb8 Rxb8 26. Rd1 f4 27. Rd5
e3+ 28. Kb2 exf2 29. Rd1 Bd3 {Normal} 0-1

[Event "Rated Blitz game"]
[Site "?"]
[Date "2021.11.02"]
[Round "?"]
[White "frasigal"]
[Black "RiskyBlitzer"]
[Result "0-1"]
[WhiteElo "2417"]
[BlackElo "2469"]
[PlyCount "56"]
[EventDate "2021.??.??"]
[EventType "blitz"]

1. e4 e5 2. Nf3 d5 3. exd5 e4 4. Qe2 Nf6 5. d3 Be7 6. dxe4 O-O 7. Nc3 Re8 8.
Be3 Bb4 9. Qd3 Nxe4 10. Be2 Bf5 11. Qc4 Ba5 12. O-O Nd7 13. Rad1 Nxc3 14. bxc3
Nf6 15. Qb3 Ne4 16. Bb5 Re7 17. Bd4 Qd6 18. c4 a6 19. c5 Nxc5 20. Bxc5 Qxc5 21.
Bd3 Bg4 22. Ng5 Bxd1 23. Bxh7+ Kf8 24. Qh3 Re1 25. Rxe1 Bxe1 26. Bd3 Qxf2+ 27.
Kh1 Qh4 28. Qd7 Qxg5 {Normal} 0-1

[Event "Rated Blitz game"]
[Site "?"]
[Date "2021.11.02"]
[Round "?"]
[White "elRope"]
[Black "DOOGE228"]
[Result "0-1"]
[WhiteElo "2426"]
[BlackElo "2450"]
[PlyCount "30"]
[EventDate "2021.??.??"]
[EventType "blitz"]

1. e4 e5 2. Nf3 d5 3. exd5 e4 4. Qe2 Nf6 5. Nc3 Be7 6. Nxe4 O-O 7. d3 Re8 8.
Nxf6+ Bxf6 9. Be3 Bxb2 10. Rb1 Bc3+ 11. Nd2 Qxd5 12. Rb3 Qa5 13. a3 Nc6 14. Kd1
Nd4 15. Qf3 Nxf3 {Normal} 0-1

[Event "Rated Blitz tournament cT2tA6cg"]
[Site "?"]
[Date "2021.11.02"]
[Round "?"]
[White "Andrew29102008"]
[Black "vovaches"]
[Result "0-1"]
[WhiteElo "2242"]
[BlackElo "2436"]
[PlyCount "100"]
[EventDate "2021.??.??"]
[EventType "blitz"]

1. e4 e5 2. Nf3 d5 3. d3 Nc6 4. exd5 Qxd5 5. Nc3 Bb4 6. Bd2 Bxc3 7. Bxc3 Nf6 8.
Be2 O-O 9. O-O b6 10. Nd2 Nd4 11. Bxd4 Qxd4 12. c3 Qd6 13. Bf3 Rb8 14. Ne4 Nxe4
15. dxe4 Qe7 16. Qe2 Be6 17. Rfd1 Rfd8 18. h3 g6 19. Qe1 a5 20. a3 Bb3 21.
Rxd8+ Rxd8 22. Bd1 Qe6 23. Bxb3 Qxb3 24. Qe2 Rd6 25. g3 h5 26. Kg2 h4 27. gxh4
Kg7 28. Re1 Qe6 29. Rd1 Qd7 30. Rxd6 Qxd6 31. h5 Qf6 32. hxg6 fxg6 33. Qc4 Qe7
34. Qd5 Kh6 35. Kg3 Qg5+ 36. Kh2 Qf4+ 37. Kg2 a4 38. Qd7 Qxe4+ 39. Kh2 Qc2 40.
Qxc7 Qxf2+ 41. Kh1 Qf3+ 42. Kh2 e4 43. Qd8 Qf4+ 44. Kg2 e3 45. Qh8+ Kg5 46. h4+
Kg4 47. Qc8+ Kxh4 48. Qh8+ Kg5 49. Qc8 Qg4+ 50. Kh2 Qxc8 {Normal} 0-1

[Event "Rated Blitz game"]
[Site "?"]
[Date "2021.11.02"]
[Round "?"]
[White "Alenee"]
[Black "Taabling"]
[Result "0-1"]
[WhiteElo "2457"]
[BlackElo "2520"]
[PlyCount "84"]
[EventDate "2021.??.??"]
[EventType "blitz"]

1. e4 e5 2. Nf3 d5 3. Nxe5 Bd6 4. d4 dxe4 5. Nc3 Bxe5 6. dxe5 Qxd1+ 7. Kxd1 Nc6
8. Bf4 Bf5 9. Bc4 Nge7 10. Ke2 Nd4+ 11. Kd1 O-O-O 12. Kc1 Ng6 13. Bg3 Rd7 14.
Re1 Re8 15. Nxe4 Rde7 16. f4 f6 17. c3 Nc6 18. e6 Bxe6 19. Bxe6+ Rxe6 20. Nd6+
cxd6 21. Rxe6 Rxe6 22. f5 Re2 23. fxg6 hxg6 24. a4 Ne5 25. Bxe5 dxe5 26. Kb1
Rxg2 27. Ka2 Rxh2 28. Kb3 g5 29. a5 a6 30. Ra4 Rh4 31. Ra1 g4 32. Rg1 f5 33.
Kc4 Rh2 34. b4 Rd2 35. Kc5 g6 36. c4 e4 37. b5 e3 38. Rh1 e2 39. Rh8+ Kd7 40.
Rh7+ Ke6 41. Rh8 Rd7 42. bxa6 bxa6 {Normal} 0-1

[Event "Rated Blitz game"]
[Site "?"]
[Date "2021.11.02"]
[Round "?"]
[White "AntonTrifonov"]
[Black "Annali-annaliew1979"]
[Result "0-1"]
[WhiteElo "2405"]
[BlackElo "2412"]
[PlyCount "50"]
[EventDate "2021.??.??"]
[EventType "blitz"]

1. e4 e5 2. Nf3 d5 3. Nc3 dxe4 4. Nxe4 f5 5. Nc3 e4 6. Ne5 Nf6 7. d4 Be6 8. Bc4
Bxc4 9. Nxc4 Nc6 10. O-O Qxd4 11. Qe2 O-O-O 12. Be3 Qd7 13. Rfd1 Qe8 14. Rxd8+
Qxd8 15. b4 Bxb4 16. Nb5 a6 17. a4 Kb8 18. c3 Be7 19. Nd4 Nxd4 20. Bxd4 Bd6 21.
Rb1 Ka8 22. Na5 Bxh2+ 23. Kf1 c5 24. Rxb7 Qxa5 25. Qb2 cxd4 {Normal} 0-1

[Event "Rated Blitz game"]
[Site "?"]
[Date "2021.11.02"]
[Round "?"]
[White "Dr_Miro_aliraqi"]
[Black "Annali-annaliew1979"]
[Result "0-1"]
[WhiteElo "2424"]
[BlackElo "2414"]
[PlyCount "46"]
[EventDate "2021.??.??"]
[EventType "blitz"]

1. e4 e5 2. Nf3 d5 3. Bc4 dxc4 4. Qe2 Bg4 5. Qxc4 Bxf3 6. gxf3 Nc6 7. c3 Nf6 8.
d3 a6 9. Bg5 Be7 10. Nd2 Nd7 11. Be3 Nb6 12. Qb3 Bg5 13. Ke2 Bxe3 14. fxe3 Qh4
15. d4 O-O-O 16. d5 Ne7 17. c4 f5 18. c5 Nd7 19. Rac1 fxe4 20. fxe4 c6 21. d6
Ng6 22. Kd3 Rdf8 23. Nc4 Nxc5+ {Normal} 0-1

[Event "Rated Blitz game"]
[Site "?"]
[Date "2021.11.02"]
[Round "?"]
[White "Swordoftheword16"]
[Black "King_bg03"]
[Result "0-1"]
[WhiteElo "2596"]
[BlackElo "2569"]
[PlyCount "30"]
[EventDate "2021.??.??"]
[EventType "blitz"]

1. e4 e5 2. Nf3 d5 3. exd5 e4 4. Qe2 Qe7 5. Nd4 Nf6 6. Nc3 Nbd7 7. Nf5 Qe5 8.
Ne3 Nb6 9. Nc4 Nxc4 10. Qxc4 Bd6 11. Be2 O-O 12. b3 a6 13. Bb2 b5 14. Qc6 Bd7
15. Na4 Qe8 {Normal} 0-1

[Event "Rated Blitz game"]
[Site "?"]
[Date "2021.11.02"]
[Round "?"]
[White "janqis"]
[Black "DOOGE228"]
[Result "0-1"]
[WhiteElo "2438"]
[BlackElo "2451"]
[PlyCount "122"]
[EventDate "2021.??.??"]
[EventType "blitz"]

1. e4 e5 2. Nf3 d5 3. Nxe5 Bd6 4. Nxf7 Kxf7 5. Qh5+ g6 6. Qxd5+ Kg7 7. e5 Ne7
8. Qe4 Re8 9. Bc4 Bxe5 10. O-O Qd4 11. Qe2 Bg4 12. Qd3 Nbc6 13. c3 Qf4 14. g3
Qf3 15. Qxf3 Bxf3 16. d4 Bd6 17. Nd2 Bd5 18. Bxd5 Nxd5 19. Nc4 Re2 20. a4 Rae8
21. Ne3 Nxe3 22. fxe3 Na5 23. Rf2 Re1+ 24. Rf1 Rxf1+ 25. Kxf1 Nb3 26. Rb1 Nxc1
27. Rxc1 Rxe3 28. Kf2 Re7 29. c4 c5 30. d5 Be5 31. b3 Bd4+ 32. Kg2 Re3 33. Rb1
Re2+ 34. Kf3 Rxh2 35. b4 b6 36. bxc5 Bxc5 37. Re1 Ra2 38. Re8 Rxa4 39. Ra8 a5
40. Rb8 Rxc4 41. Rb7+ Kf6 42. d6 Rd4 43. Rxh7 Rxd6 44. Rb7 a4 45. Ra7 a3 46.
Ke4 Rd4+ 47. Kf3 g5 48. g4 Rf4+ 49. Kg3 Rc4 50. Kf3 Ke5 51. Rg7 Rc3+ 52. Ke2
Kf4 53. Rf7+ Kxg4 54. Ra7 b5 55. Ra5 b4 56. Kd2 Kf3 57. Ra8 g4 58. Ra6 Kg2 59.
Rg6 g3 60. Rh6 Bd4 61. Rf6 Bxf6 {Normal} 0-1

[Event "Rated Blitz game"]
[Site "?"]
[Date "2021.11.02"]
[Round "?"]
[White "HUGOABEL"]
[Black "khalid_ontawar"]
[Result "0-1"]
[WhiteElo "2402"]
[BlackElo "2486"]
[PlyCount "96"]
[EventDate "2021.??.??"]
[EventType "blitz"]

1. e4 e5 2. Nf3 d5 3. exd5 e4 4. Qe2 Nf6 5. Nc3 Bf5 6. d3 Bb4 7. Bg5 Bxc3+ 8.
bxc3 O-O 9. Nd4 exd3 10. cxd3 Re8 11. Be3 Bg6 12. c4 c5 13. Nb5 a6 14. Nc3 Bh5
15. Qc2 Ng4 16. Nd1 Ne5 17. Be2 Bxe2 18. Qxe2 Qf6 19. Rb1 b5 20. O-O b4 21. d4
cxd4 22. Bxd4 Nbd7 23. Ne3 Nf3+ 24. Qxf3 Qxd4 25. Rfd1 Qe5 26. Rbc1 Nc5 27. h3
a5 28. Ng4 Qe2 29. Qg3 Kh8 30. Qc7 Nd3 31. Rxd3 Qxd3 32. Qxf7 Qd2 33. Rf1 Re1
34. Ne3 Rxf1+ 35. Kxf1 a4 36. c5 b3 37. axb3 a3 38. Qb7 Qa5 39. Nc2 a2 40. d6
a1=Q+ 41. Nxa1 Qxa1+ 42. Ke2 Qb2+ 43. Kf3 Rf8+ 44. Kg3 Qxf2+ 45. Kh2 Qf4+ 46.
Kh1 Qc1+ 47. Kh2 Qxc5 48. d7 h6 {Time forfeit} 0-1

[Event "Rated Blitz game"]
[Site "?"]
[Date "2021.11.02"]
[Round "?"]
[White "Herzog2012"]
[Black "khalid_ontawar"]
[Result "0-1"]
[WhiteElo "2482"]
[BlackElo "2490"]
[PlyCount "120"]
[EventDate "2021.??.??"]
[EventType "blitz"]

1. e4 e5 2. Nf3 d5 3. exd5 e4 4. Qe2 Nf6 5. Nc3 Bf5 6. Nd4 Bd7 7. Nxe4 Nxe4 8.
Qxe4+ Be7 9. Bc4 O-O 10. O-O Re8 11. Qf3 Bd6 12. Nf5 Bxf5 13. Qxf5 Nd7 14. d4
Nb6 15. Bd3 g6 16. Qf3 Nxd5 17. Bc4 c6 18. g3 Bf8 19. Be3 Qd7 20. Bb3 Bg7 21.
Rad1 a6 22. c4 Nf6 23. d5 cxd5 24. Bd4 Nh5 25. Bxg7 Nxg7 26. Rxd5 Qc6 27. Rfd1
Nf5 28. Qc3 Rac8 29. Qb4 b5 30. cxb5 axb5 31. Qxb5 Qf6 32. Rd7 Rf8 33. Qb7 Rce8
34. a4 Nh6 35. Qd5 Ng4 36. Qd4 Ne5 37. Rd6 Nf3+ 38. Kg2 Qxd4 39. R6xd4 Nxd4 40.
Rxd4 Re2 41. a5 Rxb2 42. Bc4 Kg7 43. a6 Rb4 44. Rf4 Ra4 45. Bb5 Rxf4 46. gxf4
Ra8 47. Kf3 Kf6 48. Ke4 Ke6 49. Bc4+ Kd6 50. Kd4 f6 51. h4 Ra7 52. Bb5 h6 53.
f3 g5 54. hxg5 fxg5 55. f5 h5 56. Bf1 h4 57. f6 Ke6 58. Kc5 Rxa6 59. Bxa6 h3
60. Kd4 h2 {Time forfeit} 0-1

[Event "Rated Blitz game"]
[Site "?"]
[Date "2021.11.02"]
[Round "?"]
[White "Crown_Muchi"]
[Black "Annali-annaliew1979"]
[Result "0-1"]
[WhiteElo "2443"]
[BlackElo "2493"]
[PlyCount "36"]
[EventDate "2021.??.??"]
[EventType "blitz"]

1. e4 e5 2. Nf3 d5 3. Nxe5 Qe7 4. d4 f6 5. Qh5+ g6 6. Nxg6 Qxe4+ 7. Be3 Qxg6 8.
Qxd5 Ne7 9. Qb3 Nbc6 10. Nc3 Bf5 11. Qxb7 Rb8 12. Qxc7 Rxb2 13. Nb5 Rxb5 14.
Bxb5 Qxg2 15. O-O-O Qe4 16. Bd3 Qd5 17. c4 Qa5 18. d5 Qxc7 {Normal} 0-1

[Event "Rated Blitz tournament OJN3q7mx"]
[Site "?"]
[Date "2021.11.02"]
[Round "?"]
[White "Epatacan"]
[Black "ajedrezcosi"]
[Result "0-1"]
[WhiteElo "2471"]
[BlackElo "2205"]
[PlyCount "38"]
[EventDate "2021.??.??"]
[EventType "blitz"]

1. e4 e5 2. Nf3 d5 3. exd5 e4 4. Qe2 Nf6 5. Nc3 Be7 6. Nxe4 O-O 7. d3 Nxd5 8.
Bd2 Re8 9. c4 Nb6 10. O-O-O f5 11. Ng3 Bf6 12. Be3 f4 13. Ne4 fxe3 14. fxe3 Nc6
15. Rg1 Bf5 16. Nxf6+ Qxf6 17. g4 Bg6 18. g5 Qf7 19. Nh4 Bh5 {Normal} 0-1

[Event "Rated Blitz game"]
[Site "?"]
[Date "2021.11.02"]
[Round "?"]
[White "FernandoVenturaRJ"]
[Black "Benny_Watts_2005"]
[Result "0-1"]
[WhiteElo "2461"]
[BlackElo "2390"]
[PlyCount "60"]
[EventDate "2021.??.??"]
[EventType "blitz"]

1. e4 e5 2. Nf3 d5 3. exd5 e4 4. Qe2 Nf6 5. Nc3 Be7 6. Nxe4 Nxd5 7. g3 O-O 8.
Bg2 Re8 9. O-O f5 10. Nc3 Bf6 11. Qc4 Be6 12. Nxd5 Bxd5 13. Qb5 a6 14. Qa4 b5
15. Qf4 Qd7 16. d4 Nc6 17. c3 Rad8 18. a4 h6 19. h4 b4 20. Ne1 Bc4 21. d5 Ne5
22. cxb4 Bxf1 23. Kxf1 Kh8 24. Be3 c6 25. dxc6 Nxc6 26. b5 axb5 27. axb5 Nd4
28. Rd1 Qxb5+ 29. Nd3 Ne6 30. Qb4 Qxb4 {Normal} 0-1

[Event "Rated Blitz game"]
[Site "?"]
[Date "2021.11.02"]
[Round "?"]
[White "mrchess2013"]
[Black "Tristan2020"]
[Result "1-0"]
[WhiteElo "2571"]
[BlackElo "2445"]
[PlyCount "111"]
[EventDate "2021.??.??"]
[EventType "blitz"]

1. e4 e5 2. Nf3 d5 3. d3 dxe4 4. dxe4 Qxd1+ 5. Kxd1 Bc5 6. Ke1 f6 7. Nbd2 Be6
8. Bc4 Kf7 9. Bxe6+ Kxe6 10. Nc4 Ne7 11. Be3 Bxe3 12. Nxe3 Rd8 13. Ke2 Na6 14.
Nd2 c6 15. a3 Ng6 16. g3 Nc5 17. f3 h5 18. Nf5 Rd7 19. Nc4 Rad8 20. Rad1 h4 21.
Rxd7 Rxd7 22. Rg1 h3 23. b3 b5 24. Nb2 Kf7 25. Rd1 Ne7 26. Rxd7 Nxd7 27. Nxe7
Kxe7 28. Nd3 g6 29. Nf2 f5 30. exf5 gxf5 31. Nxh3 Kf6 32. Nf2 Nb6 33. h4 Nd5
34. Kd3 a5 35. Nd1 Nb6 36. Ne3 a4 37. f4 c5 38. fxe5+ Kxe5 39. h5 axb3 40. cxb3
Kf6 41. h6 c4+ 42. bxc4 bxc4+ 43. Nxc4 Na4 44. Ne3 Kg6 45. Nxf5 Nc5+ 46. Kc4
Ne4 47. g4 Nf6 48. a4 Nxg4 49. a5 Ne5+ 50. Kb5 Kxf5 51. h7 Nf7 52. a6 Kg6 53.
a7 Kxh7 54. a8=Q Nd6+ 55. Kb4 Nf5 56. Qg2 {Normal} 1-0

[Event "Rated Blitz game"]
[Site "?"]
[Date "2021.11.02"]
[Round "?"]
[White "BombaLeila"]
[Black "mirekkk14"]
[Result "1-0"]
[WhiteElo "2490"]
[BlackElo "2452"]
[PlyCount "93"]
[EventDate "2021.??.??"]
[EventType "blitz"]

1. e4 e5 2. Nf3 d5 3. d4 dxe4 4. Nxe5 Bd6 5. Nc4 Nf6 6. Be3 O-O 7. c3 Re8 8.
Be2 Bf5 9. Nxd6 Qxd6 10. Qb3 Qb6 11. Nd2 Nc6 12. h3 Na5 13. Qxb6 axb6 14. b4
Nc6 15. O-O Nd5 16. Rfc1 Nxe3 17. fxe3 Ra3 18. Nc4 Ra4 19. Bd1 Raa8 20. a4 Ne7
21. Ne5 Nd5 22. Kf2 f6 23. Ng4 Bxg4 24. Bxg4 g6 25. Bd1 f5 26. Bb3 Red8 27. g3
Kg7 28. Bxd5 Rxd5 29. c4 Rdd8 30. Ke2 Kf6 31. Kd2 Ke6 32. Kc3 c5 33. d5+ Ke5
34. bxc5 bxc5 35. Rcb1 Rd7 36. Rb6 Ra6 37. Rab1 g5 38. Rxa6 bxa6 39. Rb6 Rd6
40. Rb7 h6 41. Re7+ Kf6 42. Rc7 f4 43. gxf4 gxf4 44. exf4 Kf5 45. Rf7+ Rf6 46.
Rxf6+ Kxf6 47. Kd2 {Normal} 1-0

[Event "Rated Blitz tournament cCMh47M0"]
[Site "?"]
[Date "2021.11.02"]
[Round "?"]
[White "Augustine7"]
[Black "Moskvin_Tolik"]
[Result "0-1"]
[WhiteElo "2473"]
[BlackElo "2458"]
[PlyCount "60"]
[EventDate "2021.??.??"]
[EventType "blitz"]

1. e4 e5 2. Nf3 d5 3. d4 dxe4 4. Nxe5 Bd6 5. Nc4 Nf6 6. Nc3 O-O 7. Be2 Nc6 8.
Nxd6 Qxd6 9. Be3 Rd8 10. d5 Nxd5 11. Nxd5 Qxd5 12. O-O Qe5 13. Qc1 Bf5 14. Bf4
Qe7 15. c3 h6 16. Qe3 Bh7 17. Rfe1 g5 18. Bg3 f5 19. f4 Bg6 20. fxg5 hxg5 21.
Bc4+ Kh7 22. Bf2 f4 23. Qh3+ Kg7 24. Rad1 e3 25. Rxd8 exf2+ 26. Kxf2 Qc5+ 27.
Kf3 Rxd8 28. Qe6 g4+ 29. Kxf4 Rf8+ 30. Kg3 Qf2+ {Normal} 0-1

[Event "Rated Blitz game"]
[Site "?"]
[Date "2021.11.02"]
[Round "?"]
[White "kpdxb"]
[Black "blastol"]
[Result "0-1"]
[WhiteElo "2395"]
[BlackElo "2525"]
[PlyCount "48"]
[EventDate "2021.??.??"]
[EventType "blitz"]

1. e4 e5 2. Nf3 d5 3. Nxe5 Bd6 4. d4 dxe4 5. Bc4 Bxe5 6. dxe5 Qxd1+ 7. Kxd1 Nc6
8. Bf4 Nge7 9. Nc3 Ng6 10. Bg3 h5 11. h3 Bf5 12. Ke2 Ngxe5 13. Bxe5 Nxe5 14.
Bd5 O-O-O 15. Bxe4 Bxe4 16. Nxe4 f5 17. Ng5 Nc4 18. Rad1 Rhe8+ 19. Kf3 Rxd1 20.
Rxd1 Nxb2 21. Rd4 c5 22. Rd5 b6 23. Rxf5 Nc4 24. Rf7 Ne5+ {Normal} 0-1

[Event "Rated Blitz game"]
[Site "?"]
[Date "2021.11.02"]
[Round "?"]
[White "Josefinoo1"]
[Black "King_bg03"]
[Result "0-1"]
[WhiteElo "2444"]
[BlackElo "2578"]
[PlyCount "87"]
[EventDate "2021.??.??"]
[EventType "blitz"]

1. e4 e5 2. Nf3 d5 3. exd5 e4 4. Ng1 Nf6 5. d3 Bc5 6. d4 Bd6 7. Ne2 Nxd5 8. c4
Bb4+ 9. Bd2 e3 10. cxd5 exd2+ 11. Nxd2 O-O 12. Nc3 Re8+ 13. Be2 Qe7 14. Nf1 Qh4
15. Qd3 Bg4 16. Ne3 Bxe2 17. Kxe2 Nd7 18. a3 Bd6 19. g3 Qg4+ 20. Kd2 Qf3 21.
Qe2 Qf6 22. Kd3 Nb6 23. Rad1 Re7 24. Kc2 Rae8 25. Rhf1 a6 26. Qd3 Nd7 27. Nc4
Qh6 28. h4 Nf6 29. f4 Ng4 30. Ne5 Qh5 31. Qf3 Qf5+ 32. Kb3 h5 33. Qd3 Nh6 34.
Qf3 f6 35. Nc4 Ng4 36. Rd2 b5 37. Nxd6 cxd6 38. Re2 Re3 39. Rxe3 Rxe3 40. Qg2
Qd3 41. Rd1 Qc4+ 42. Kc2 Rxc3+ 43. bxc3 Ne3+ 44. Kd2 {Normal} 0-1

[Event "Rated Blitz game"]
[Site "?"]
[Date "2021.11.02"]
[Round "?"]
[White "SMC_and_CSM"]
[Black "Benny_Watts_2005"]
[Result "1-0"]
[WhiteElo "2431"]
[BlackElo "2379"]
[PlyCount "115"]
[EventDate "2021.??.??"]
[EventType "blitz"]

1. e4 e5 2. Nf3 d5 3. exd5 e4 4. Qe2 Nf6 5. d3 Qxd5 6. dxe4 Qxe4 7. Nc3 Qxe2+
8. Bxe2 Be7 9. Bf4 c6 10. O-O Be6 11. Rfe1 Nbd7 12. Nd4 Nd5 13. Nxe6 fxe6 14.
Nxd5 exd5 15. Bg4 Nf6 16. Be6 Kd8 17. f3 Rf8 18. Bg5 h6 19. Bh4 Bc5+ 20. Kf1
Kc7 21. Bg3+ Kb6 22. Bf2 Bxf2 23. Kxf2 Ne4+ 24. Ke3 Rae8 25. fxe4 Rxe6 26. Kd4
Rxe4+ 27. Rxe4 dxe4 28. Ke3 Re8 29. Rf1 Re7 30. Rf5 a5 31. Rf4 c5 32. Rxe4
Rxe4+ 33. Kxe4 Kb5 34. Kd5 b6 35. a3 c4 36. h4 c3 37. b3 a4 38. b4 g6 39. g4 h5
40. g5 Ka6 41. Kc4 Kb7 42. Kb5 Kc7 43. Kxa4 Kd6 44. Kb3 Ke5 45. a4 Kf4 46. a5
bxa5 47. bxa5 Kg4 48. a6 Kxh4 49. a7 Kxg5 50. a8=Q h4 51. Qg2+ Kh5 52. Kxc3 g5
53. Kd3 g4 54. Ke3 h3 55. Qg3 Kg5 56. Ke4 Kh5 57. Kf5 h2 58. Qxh2# {Normal} 1-0

[Event "Rated Blitz tournament cCMh47M0"]
[Site "?"]
[Date "2021.11.02"]
[Round "?"]
[White "Cabaret"]
[Black "Tyutyunov_Timofei"]
[Result "0-1"]
[WhiteElo "2447"]
[BlackElo "2211"]
[PlyCount "94"]
[EventDate "2021.??.??"]
[EventType "blitz"]

1. e4 e5 2. Nf3 d5 3. exd5 e4 4. Qe2 Qe7 5. Nd4 Qe5 6. Nb3 Bd6 7. Nc3 f5 8. Nb5
Nf6 9. Nxd6+ cxd6 10. c4 O-O 11. d4 Qe7 12. h3 a6 13. Bf4 Re8 14. a4 Nbd7 15.
a5 Nf8 16. Nd2 h6 17. h4 Ng6 18. g3 Bd7 19. Bh3 Nxf4 20. gxf4 e3 21. fxe3 Qxe3
22. Qxe3 Rxe3+ 23. Kf2 Rae8 24. Rhe1 Rd3 25. Rxe8+ Nxe8 26. Nf3 Rb3 27. Ra2 Rb4
28. Nd2 Nf6 29. Ke3 Ng4+ 30. Kd3 Nf2+ 31. Kc3 Rxb2 32. Rxb2 Nxh3 33. Rxb7 Be8
34. Rb8 Kf7 35. c5 Nxf4 36. c6 Nxd5+ 37. Kc4 Bxc6 38. Rb6 Nxb6+ 39. axb6 Bb7
40. d5 Ke7 41. Nb3 Kd7 42. Na5 Kc8 43. Nc6 f4 44. Ne7+ Kd7 45. Nf5 f3 46. Kd3
Bxd5 47. Nxg7 a5 {Time forfeit} 0-1

[Event "Rated Blitz game"]
[Site "?"]
[Date "2021.11.02"]
[Round "?"]
[White "Handy-Andy"]
[Black "tactinhos2900"]
[Result "0-1"]
[WhiteElo "2559"]
[BlackElo "2566"]
[PlyCount "42"]
[EventDate "2021.??.??"]
[EventType "blitz"]

1. e4 e5 2. Nf3 d5 3. Nxe5 Bd6 4. d4 dxe4 5. Nc3 Bxe5 6. dxe5 Qxd1+ 7. Kxd1 Bf5
8. Bf4 Nc6 9. Bb5 O-O-O+ 10. Ke1 Nd4 11. Ba4 Ne7 12. Bb3 Ng6 13. Bg3 h5 14. h4
Be6 15. Rc1 Bxb3 16. axb3 Rhe8 17. Nxe4 Nxe5 18. f3 f5 19. Ng5 Nd3+ 20. Kd2
Nxc1 21. Rxc1 Ne2+ {Normal} 0-1